Becoming a graphic designer : (Record no. 23762)

000 -LEADER
fixed length control field 04162cam a2200361 a 4500
001 - CONTROL NUMBER
control field 16081164
003 - CONTROL NUMBER IDENTIFIER
control field OSt
005 - DATE AND TIME OF LATEST TRANSACTION
control field 20170127095915.0
008 - FIXED-LENGTH DATA ELEMENTS--GENERAL INFORMATION
fixed length control field 100202s2010 njua 001 0 eng
010 ## - LIBRARY OF CONGRESS CONTROL NUMBER
LC control number 2010004729
015 ## - NATIONAL BIBLIOGRAPHY NUMBER
National bibliography number GBB075276
Source bnb
016 7# - NATIONAL BIBLIOGRAPHIC AGENCY CONTROL NUMBER
Record control number 015583426
Source Uk
020 ## - INTERNATIONAL STANDARD BOOK NUMBER
International Standard Book Number 9780470575567 (pbk.)
020 ## - INTERNATIONAL STANDARD BOOK NUMBER
International Standard Book Number 0470575565 (pbk.)
035 ## - SYSTEM CONTROL NUMBER
System control number (OCoLC)ocn503655313
040 ## - CATALOGING SOURCE
Original cataloging agency DLC
Transcribing agency DLC
Modifying agency YDX
-- UKM
-- YDXCP
-- ZAD
-- VP@
-- A7U
-- OKN
-- CDX
-- UKMGB
-- DLC
050 00 - LIBRARY OF CONGRESS CALL NUMBER
Classification number NC1001
Item number .H45 2010
082 00 - DEWEY DECIMAL CLASSIFICATION NUMBER
Classification number 741.6023/73
Edition number 22
100 1# - MAIN ENTRY--PERSONAL NAME
Personal name Heller, Steven.
245 10 - TITLE STATEMENT
Title Becoming a graphic designer :
Remainder of title a guide to careers in design /
Statement of responsibility, etc. Steven Heller & Teresa Fernandes.
246 30 - VARYING FORM OF TITLE
Title proper/short title Guide to careers in design
250 ## - EDITION STATEMENT
Edition statement 4th ed.
260 ## - PUBLICATION, DISTRIBUTION, ETC. (IMPRINT)
Place of publication, distribution, etc. Hoboken, N.J. :
Name of publisher, distributor, etc. John Wiley & Sons,
Date of publication, distribution, etc. c2010.
300 ## - PHYSICAL DESCRIPTION
Extent 368 p. :
Other physical details ill. ;
Dimensions 23 cm.
500 ## - GENERAL NOTE
General note Includes index.
505 0# - FORMATTED CONTENTS NOTE
Formatted contents note Design specialties -- Editorial -- Corporate design -- Book design -- Music/CDs -- Information design -- Advertising and branding -- Environmental -- Interaction -- Motion -- Type and lettering -- Design businesses -- Design options -- Design education -- Undergraduate -- Graduate school -- Continuing education -- Art schools and colleges : a selection.
520 1# - SUMMARY, ETC.
Summary, etc. "This User Friendly Guide Offers a clear and comprehensive review of the types of careers available to today's graphic and new media designers. Drawing on years of experience at the top of the field, Steven Hellet covers the major design industries---web, television, film, and publishing---as well as advertising, corporate, editorial, and other key design disciplines. This Fourth Edition has been fully updated and newly designed to include contemporary coverage on the digital revolution, as well as on new approaches to book design information design, packaging design, design management enterpreneurship, and educational options. Complete with dozens of Interviews with leading graphic designers and hundreds of striking illustration. Becoming a Graphic Designer, Fourth Edition cotinues to be an invaluable resource for anyone interested in launching---or revitalizing---a graphic design career." "Becoming a Graphic Designer, Fourth Edition provides a comprehensive survey of the graphic design market, including complete coverage of print and electronic media and the evolving digital design disciplines that offer today's most sought-after jobs. This visual guide has hundreds of stunning illustrations and features the latest material on interactive design, information design, motion, and more." "Drawing on years of experience in the industry, veteran designers Steven Heller and Teresa Fernandes cover everything from education and training, design specialties, and work settings to preparing an effective portfolio and finding a job. They profile major industries employing graphic designers and explore advertising, corporate, editorial, and other key design disciplines." "The major industries covered here include architecture, interactive design, television and film design, publishing, and more. Dozens of up-front interviews with leading graphic designers let you see how companies such as Urban Outfitters, The New York Times Company, and Bloomberg Media hire and work with employees. These inside perspectives offer invaluable real-world insights on what different industries and positions are really like. A resource guide to design publications and organizations points the way to further information and guidance." "Complete with easy-to-use, compact sections, useful sidebars, and sample design pieces, this outstanding guide is invaluable for anyone interested in launching or developing a career in graphic design."--BOOK JACKET.
650 #0 - SUBJECT ADDED ENTRY--TOPICAL TERM
Topical term or geographic name as entry element Commercial art
General subdivision Vocational guidance.
650 #0 - SUBJECT ADDED ENTRY--TOPICAL TERM
Topical term or geographic name as entry element Graphic arts
General subdivision Vocational guidance.
700 1# - ADDED ENTRY--PERSONAL NAME
Personal name Fernandes, Teresa.
906 ## - LOCAL DATA ELEMENT F, LDF (RLIN)
a 7
b cbc
c orignew
d 1
e ecip
f 20
g y-gencatlg
942 ## - ADDED ENTRY ELEMENTS (KOHA)
Source of classification or shelving scheme
Koha item type Hard Covered Materials
Classification part NC 1001 .H45 2010
Holdings
Withdrawn status Lost status Source of classification or shelving scheme Damaged status Not for loan Home library Current library Shelving location Date acquired Source of acquisition Total Checkouts Full call number Barcode Date last seen Price effective from Koha item type
          MACHAKOS UNIVERSITY LIBRARY MACHAKOS UNIVERSITY LIBRARY Technical section 27/01/2017 Donation(B.F.A)   NC 1001 .H45 2010 28674 19/07/2018 27/01/2017 Hard Covered Materials
© Machakos University Library, Along The Highway, Machakos Wote Rd, Machakos, Kenya P.O. Box 136 - 90100 Machakos - Kenya

Tel: ( +254 ) 723 805829 OR Fax : 044-20353 OR Email: library@mksu.ac.ke